Music Quiz

Random Music or World Quiz

Best DJs in the World 2016 Quiz Stats

 Plays Quiz not verified by Sporcle

Score 0/30 Timer 05:00
0 Plays Today
Hint Answer % Correct
Martin Garrix
75.7%
Tiesto
73%
Hardwell
70.3%
Calvin Harris
59.5%
Avicii
54.1%
Armin van Buuren
51.4%
Skrillex
45.9%
Dimitri Vegas & Like Mike
43.2%
Steve Aoki
40.5%
Deadmau5
35.1%
Oliver Heldens
29.7%
KSHMR
27%
Marshmello
24.3%
Don Diablo
21.6%
Alesso
18.9%
Hint Answer % Correct
Axwell Ingrosso
16.2%
Tchami
10.8%
Eric Prydz
8.1%
Martin Solveig
8.1%
Steve Angello
8.1%
Galantis
5.4%
Otto Knows
5.4%
Above & Beyond
2.7%
Disciples
2.7%
Duke Dumont
0%
MK
0%
Lucas & Steve
0%
Bakermat
0%
Sam Feldt
0%
Mike Williams
0%

You're not logged in!

Compare scores with friends on all Sporcle quizzes.
OR
Log In

Sporcle TV

Today on Sporcle TV


Watch our educational content, quiz creation guides, and fun videos on Sporcle TV.

Show Comments

Extras

Created Aug 14, 2016ReportNominate
Tags:World Quiz, 2016, djs

Top Quizzes Today


Score Distribution

Your Account Isn't Verified!

In order to create a playlist on Sporcle, you need to verify the email address you used during registration. Go to your Sporcle Settings to finish the process.

Report this User

Report this user for behavior that violates our Community Guidelines.

Details: